Southville International School and Colleges
Your cart is empty.
  • Cart
  • Lists
    Public lists Eva Luna New books Lux_list list_1
    Your lists Log in to create your own lists
  • Log in to your account
  • Your cookies
  • Search history
Southville International School and Colleges
  • Advanced search
  • Recent comments
  • Most popular
  • Libraries

Log in to your account

Log in with GOOGLE


If you do not have an external account, but do have a local account, you can still log in:

  1. Home
  2. MARC view: Counseling for peripartum depression :
Normal view MARC view ISBD view

Counseling for peripartum depression : (Record no. 368175)

[ view plain ]
MARC details
000 -LEADER
fixed length control field 00916nam a22002417a 4500
003 - CONTROL NUMBER IDENTIFIER
control field 0
005 - DATE AND TIME OF LATEST TRANSACTION
control field 20251001152244.0
008 - FIXED-LENGTH DATA ELEMENTS--GENERAL INFORMATION
fixed length control field 251001b xxu||||| |||| 00| 0 eng d
020 ## - INTERNATIONAL STANDARD BOOK NUMBER
International Standard Book Number 978-1-138-32075-8
050 ## - LIBRARY OF CONGRESS CALL NUMBER
Classification number RG 852
Item number .T46 2024
100 ## - MAIN ENTRY--PERSONAL NAME
Personal name Thompson, Isabel A.,
Relator term author.
245 ## - TITLE STATEMENT
Title Counseling for peripartum depression :
Remainder of title a strengths-based approach to conceptualization and treatment /
Statement of responsibility, etc Isabel A. Thompson, Vanessa Beatriz Teixeira, and Eric S. Thompson.
260 ## - PUBLICATION, DISTRIBUTION, ETC. (IMPRINT)
Place of publication, distribution, etc New York, NY :
Name of publisher, distributor, etc Routledge,
Date of publication, distribution, etc 2024.
300 ## - PHYSICAL DESCRIPTION
Extent xxii, 285 pages ;
Dimensions 24 cm.
504 ## - BIBLIOGRAPHY, ETC. NOTE
Bibliography, etc Includes bibliographical references and index.
650 ## - SUBJECT ADDED ENTRY--TOPICAL TERM
Topical term or geographic name as entry element Postpartum depression.
650 ## - SUBJECT ADDED ENTRY--TOPICAL TERM
Topical term or geographic name as entry element Pregnancy
General subdivision Psychological aspects.
650 ## - SUBJECT ADDED ENTRY--TOPICAL TERM
Topical term or geographic name as entry element Childbirth
General subdivision Psychological aspects.
650 ## - SUBJECT ADDED ENTRY--TOPICAL TERM
Topical term or geographic name as entry element Mental illness in pregnancy.
700 ## - ADDED ENTRY--PERSONAL NAME
Personal name Teixeira, Vanessa Beatriz,
Relator term author.
700 ## - ADDED ENTRY--PERSONAL NAME
Personal name Thompson, Eric S.,
Relator term author.
942 ## - ADDED ENTRY ELEMENTS (KOHA)
Source of classification or shelving scheme Library of Congress Classification
Koha item type Books
Holdings
Withdrawn status Lost status Source of classification or shelving scheme Damaged status Home library Current library Shelving location Date acquired Source of acquisition Sub Shelving location Total Checkouts Full call number Barcode Date last seen Price effective from Koha item type
    Library of Congress Classification   College Library College Library Reserve Section 06/04/2025 Library Fund     RG 852 .T46 2024 C25308 10/01/2025 10/01/2025 Books

Counseling for peripartum depression :

APA

Thompson I. A., Teixeira V. B. & Thompson E. S. (2024). Counseling for peripartum depression. New York, NY: Routledge.

Chicago

Thompson Isabel A, Teixeira Vanessa Beatriz and Thompson Eric S. 2024. Counseling for peripartum depression. New York, NY: Routledge.

Harvard

Thompson I. A., Teixeira V. B. and Thompson E. S. (2024). Counseling for peripartum depression. New York, NY: Routledge.

MLA

Thompson Isabel A, Teixeira Vanessa Beatriz and Thompson Eric S. Counseling for peripartum depression. New York, NY: Routledge. 2024.

  • Place hold
  • Print
  • Cite
  • Add to your cart (remove)
  • Save record
    BIBTEX Dublin Core MARCXML MARC (non-Unicode/MARC-8) MARC (Unicode/UTF-8) MARC (Unicode/UTF-8, Standard) MODS (XML) RIS
  • More searches
    Search for this title in:
    Other Libraries (WorldCat) Other Databases (Google Scholar) Online Stores (Bookfinder.com) Open Library (openlibrary.org)

Exporting to Dublin Core...

SOUTHVILLE LIBRARY

Southville International School and Colleges Library

1281 Tropical Ave. Cor. Luxembourg St., BF Homes International, Las Pinas City

Tel. No. 8256374 / 252358 Loc. 117/146

Powered by Koha